Estudio de servicios básicos. Perfiles comunales. Puntarenas /

Gespeichert in:
Bibliographische Detailangaben
Körperschaften: Instituto de Fomento y Asesoría Municipal [Costa Rica], Acción Internacional Técnica, División de Acción Internacional
Format: Text
Sprache:Spanish
Veröffentlicht: San José : IFAM. AITEC
Schlagworte:
Tags: Tag hinzufügen
Keine Tags, Fügen Sie den ersten Tag hinzu!

MARC

LEADER 00000 a a2200000 04500
001 16923
003 cru CIDCACS/IIS
005 20231003132407.0
008 170322b xxu||||| |||| 00| 0 spa d
040 |c cru CIDCACS/IIS  |a cru CIDCACS/IIS 
090 |a 04.03.06 I59pu Tomo1 
110 |a Instituto de Fomento y Asesoría Municipal [Costa Rica]  
245 |a Estudio de servicios básicos. Perfiles comunales. Puntarenas /   |c Instituto de Fomento y Asesoría Municipal [Costa Rica]  
260 |a San José :   |b IFAM. AITEC  
300 |a 75 p.  
650 |a CREDITO  
650 |a EDUCACION  
650 |a ESTADISTICAS DEMOGRAFICAS  
650 |a PROBLEMAS SOCIALES  
650 |a SERVICIOS DE LA COMUNDAD  
650 |a SERVICIOS DE SALUD  
650 |a VIVIENDA  
650 |a ECONOMIA  
650 |a LIDERAZGO  
650 |a INFRAESTRUCTURA FISICA  
651 |a COSTA RICA  
651 |a PUNTARENAS  
710 |a Acción Internacional Técnica, División de Acción Internacional  
942 |2 z  |c LI  |h 04.03.06 I59pu Tomo1  |i 06451  |6 040306_I59PU_TOMO1_06451 
999 |c 10748  |d 10748